Normal view
MARC view
Entry Personal Name
001 - CONTROL NUMBER
- control field: 43568
003 - CONTROL NUMBER IDENTIFIER
- control field: ARRUPE
005 - DATE AND TIME OF LATEST TRANSACTION
- control field: 20181122090945.0
008 - FIXED-LENGTH DATA ELEMENTS
- fixed length control field: 181122|| aca||aabn | a|a d
040 ## - CATALOGING SOURCE
- Original cataloging agency: ARRUPE
- Transcribing agency: ARRUPE
100 ## - HEADING--PERSONAL NAME
- Personal name: Brouwer, Aart R.
- Fuller form of name: (Aart)
670 ## - SOURCE DATA FOUND
- Source citation: Work cat.: (ARRUPE)0: Brouwer, Aart R. (Aart), General palaeontology, 1967.